00399nam a22001337a 4500999001700000082001500017100002700032245002400059250002400083260004900107300000800156942000700164952009400171 c65012d65009 a297.5aFAR aA.H. FARIDaA.H. FARID aPRAYERS OF MUHAMMAD a3rd revised edition aLAHOREbPrinted at Ashraf Press,lahorec1974 a315 cBK 00104070aREFbREFd2019-07-04l0o297.5 (Shelf -19C)pR9497r2019-07-04 00:00:00yBK